1437 1006 1976 1266 1668 1001 1891 1606 1207 1696 1846 1341 1323 1171 1265 1747 1046 1388 1085 1436 1688 1978 1588 1179 1820 1200 1546 1229 1069 1769 1952 1037 1268 1018 1079 1107 1893 1345 1669 1274 1399 1154 1016 1814 1785 1420 1097 1733 1884 1720 1206 1731 1912 1579 1600 1069 1329 1945 1607 1431 1339 1126 1308 1803 1612 1155 1348 1918 1962 1841 1350 1561 1132 1024 1262 1130 1306 1038 1116 1807 1362 1548 1849 1971 1963 1372 1720 1993 1437 1591 1472 1301 1978 1392 1180 1824 1161 1253 1837 BCNSPRNW ULIB Ver.6.0+V

เปลี่ยนเป็นภาษาไทย

Change to English
 แสดงรายละเอียดบรรณานุกรม
  กลับหน้าหลัก

Brief Record : Get Marc (ISO 2709) : E-mail record : QR code < ปิดหน้าต่าง
LEADER : 00000nam 2200000uu 4500
001    13399128918
003     ULIB
008    241030s2024||||th 000 0 tha d
020    ^a9780443118838
060 04 ^aWB39^bC713E
100 1  ^aCollins, Shelly Rainforth
245 10 ^aElsevier s 2024 intravenous medications :^ba handbook fornurses and health professionals /^cShelly RainforthCollins
246 30 ^aIntravenous medications :^ba handbook for nurses andhealth professionals
250    ^a40th ed.
260    ^aSt Louis :^bElsevier,^c2024
300    ^axxiv, 1344 p. ;^c23 cm.
500    ^aIncludes index
650  2 ^aInjections, Intravenous^vHandbooks
650  2 ^aInfusions, Intravenous^vHandbooks
650  2 ^aAllied Health Personnel
945    ^p1589^l0^i011166
999    ^aประนอม เกษจรัล
รายการนี้ยังไม่มีแท็ก
คุณยังไม่ได้ล็อกอิน คุณสามารถมีกิจกรรมร่วมกับเว็บไซต์ได้ แต่ต้องล็อกอินก่อน ::
  ล็อกอิน

รายการสื่อสารสนเทศ

ลำดับที่ ประเภท เลขเรียก/บาร์โค้ด สถานที่ สถานะ
1. วิทยาศาสตร์การแพทย์ และสุขภาพ
หนังสือสำรอง
สถานะ=หนังสือสำรอง
WB39 C713E ฉ.1 
  Barcode: 011166
ห้องสมุดวิทยาเขตสวรรค์ประชารักษ์
►หนังสือทั่วไป
บนชั้น

รายการใกล้เคียง
    หัวเรื่อง [Allied Health Personnel]

BibComment


ยังไม่เคยถูกคอมเมนท์

คอมเมนท์ทรัพยากรรายการนี้
  คอมเมนท์: Elsevier s 2024 ..


 Copyright 2026. Bcnsprnw @Library